Un coup d'oeil en arrière (Record no. 182984)
[ view plain ]
| 000 -LEADER | |
|---|---|
| campo de control de longitud fija | 00906nam a2200193 i 4500 |
| 001 - NÚMERO DE CONTROL | |
| campo de control | 182984 |
| 003 - IDENTIFICADOR DE NÚMERO DE CONTROL | |
| campo de control | ES-MaACL |
| 005 - FECHA Y HORA DE LA ÚLTIMA TRANSACCIÓN | |
| campo de control | 20230906221746.0 |
| 008 - DATOS DE LONGITUD FIJA--INFORMACIÓN GENERAL | |
| campo de control de longitud fija | 140109s1921 fr |||| | fre d |
| 245 03 - MENCIÓN DEL TÍTULO | |
| Título | Un coup d'oeil en arrière |
| Resto del título | : Pierre Monatte. Lettre de démission au Comité confédéral (décembre 1914). Alfred Rosmer. Première lettre aux abonnés de la "Vie ouvrière" (novembre 1915). La Circulaire de lancement de la "Vie ouvrière" (avril 1919) / |
| Mención de responsabilidad, etc. | Alfred Rosmer, Pierre Monatte. |
| 260 ## - PUBLICACIÓN, DISTRIBUCIÓN, ETC. | |
| Lugar de publicación, distribución, etc. | Paris : |
| Nombre del editor, distribuidor, etc. | Éditions de la Bibliothèque du Travail, |
| Fecha de publicación, distribución, etc. | 1921. |
| 300 ## - DESCRIPCIÓN FÍSICA | |
| Extensión | 40 p. ; |
| Dimensiones | 19 cm. |
| 490 1# - MENCIÓN DE SERIE | |
| Mención de serie | Les Cahiers du travail ; |
| Designación de volumen o secuencia | 1re série, 2e cahier, 15 mars 1921 |
| 700 0# - ENTRADA AGREGADA--NOMBRE PERSONAL | |
| Nombre de persona | Monatte, Pierre. |
| 9 (RLIN) | 82114 |
| 700 0# - ENTRADA AGREGADA--NOMBRE PERSONAL | |
| Nombre de persona | Rosmer, Alfred. |
| 9 (RLIN) | 99790 |
| 830 0# - PUNTO DE ACCESO ADICIONAL DE SERIE-TÍTULO UNIFORME | |
| Título uniforme | Les Cahiers du travail ; |
| Designación de volumen o secuencia | 1re série, 2e cahier, 15 mars 1921 |
| 9 (RLIN) | 191855 |
| 852 ## - LOCALIZACIÓN | |
| Ubicación | ES-MaACL |
| Número de control de estantería | 1625-F-9 |
| Estatus retirado | Estado de pérdida | Estado de daño | No para préstamo | Colección | Biblioteca de origen | Biblioteca actual | Ubicación en estantería | Fecha de adquisición | Fuente de adquisición | Total de préstamos | Signatura topográfica completa | Código de barras | Visto por última vez | Precio de reemplazo | Tipo de ítem Koha |
|---|---|---|---|---|---|---|---|---|---|---|---|---|---|---|---|
| Colección de folletos | Biblioteca del Ateneo de Madrid | Biblioteca del Ateneo de Madrid | Depósito folletos | 09/01/2014 | 1625-F-9 | 1192323 | 23/02/2023 | 23/02/2023 | Folleto |
